| 000 | 00530nam a2200169 i 4500 | ||
|---|---|---|---|
| 001 | 30059 | ||
| 003 | ES-MaACL | ||
| 005 | 20230906154130.0 | ||
| 007 | t| | ||
| 008 | 030123s1869 po ||||1| por d | ||
| 100 | 1 |
_aCunha, J. G. de Barros e. _926056 |
|
| 245 | 1 | 0 |
_aHistoria da liberdade em Portugal. _n1 / _cpor J.G. de Barros e Cunha. |
| 260 |
_aLisboa : _b[s.n., _c1869] ( _fThomar Quintino Antunes) |
||
| 300 |
_a334 p. ; _c22 cm. |
||
| 650 |
_aDerechos polĂticos y civiles- _zPortugal. _9153851 |
||
| 852 |
_aES-MaACL _jG-8488 |
||
| 999 |
_c30059 _d30059 |
||